• Fernández García, Felipe,

di Personal Name

Records bibliografici associati: 1

001 - CONTROL NUMBER

  • control field: 2989

003 - CONTROL NUMBER IDENTIFIER

  • control field: IT-RoINE

005 - DATE AND TIME OF LATEST TRANSACTION

  • control field: 20140401112324.0

008 - FIXED-LENGTH DATA ELEMENTS

  • fixed length control field: 140116|| aca||aabn | a|a d

040 ## - CATALOGING SOURCE

  • Original cataloging agency: IT-RoINE
  • Transcribing agency: IT-RoINE

100 ## - HEADING--PERSONAL NAME

  • Personal name: Fernández García, Felipe,
  • Dates associated with a name: 1935-

670 ## - SOURCE DATA FOUND

  • Source citation: Work cat.: (IT-RoINE)0: Mozas Santamera, Eladio, 1837-1897 2988, Huellas de un hombre de Dios :, 1983.